|
|
|
|
| LEADER |
00000nab#a22000007a#4500 |
| 001 |
arbauad003001 |
| 003 |
AR-BaUAD |
| 005 |
20250711110538.0 |
| 008 |
000000|||||||||###||||||b###|0###a|spa|| |
| 040 |
|
|
|a AR-BaUAD
|c AR-BaUAD
|b spa
|
| 100 |
|
|
|a Musso Kugener, María Luisa
|
| 245 |
|
|
|a Textiles en el equipamiento :
|b comentarios sobre la STAR (Milán) y la PARITEX (París) /
|c María Luisa Musso Kugener;
|
| 300 |
0 |
|
|b fot.
|
| 653 |
|
|
|a EUROPA
|
| 653 |
|
|
|a ITALIA
|
| 653 |
|
|
|a FRANCIA
|
| 653 |
|
|
|a EXPOSICIONES
|
| 653 |
|
|
|a DISEÑO TEXTIL
|
| 653 |
|
|
|a ALFOMBRAS
|
| 653 |
|
|
|a CORTINAS
|
| 653 |
|
|
|a TELAS DE TAPICERIA
|
| 653 |
|
|
|a PAPELES DECORATIVOS
|
| 653 |
|
|
|a TEXTILES PARA EL HOGAR
|
| 773 |
0 |
|
|t SUMMA
|g no. 191 [sep. 1983], p. 109-111
|
| 942 |
|
|
|c ARTI
|
| 952 |
|
|
|0 0
|1 0
|4 0
|7 0
|9 47921
|a AR-BAuAD
|b AR-BAuAD
|d 2025-07-11
|l 0
|p AAQA003001
|r 2025-07-11 11:05:38
|w 2025-07-11
|y ARTI
|
| 990 |
|
|
|a DT198
|b TD
|
| 998 |
|
|
|a AAQ
|b BIBUN76
|
| 999 |
|
|
|c 27594
|d 27594
|